| 000 | 00475nam a2200169 i 4500 | ||
|---|---|---|---|
| 001 | bg | ||
| 100 | 1 | _aAshcroft, Neil W. | |
| 245 | 0 |
_aFizyka ciała stałego / _cN.W. Ashcroft, N.D. Mermin ; [tł. Jacek M. Kowalski]. |
|
| 260 |
_aWarszawa : _bPaństwowe Wydawnictwo Naukowe ; _c1986. |
||
| 650 | 9 |
_aCiało stałe _xfizyka |
|
| 700 | 1 | _aMermin, N. David. | |
| 040 | _cBPK | ||
| 041 | _apol | ||
| 080 | _a538.9 | ||
| 942 | _cKS | ||
| 008 | s pl f |000 0 pol | ||
| 999 |
_c23508 _d23508 |
||
| 856 |
_uhttp://koha.tu.koszalin.pl/cgi-bin/koha/opac-detail.pl?biblionumber=23508 _yKatalog online BPK |
||